Porque quiero mi asociación, la reinvento o donde introducir cambios organizativos para mejorar la calidad en las asociaciones de los voluntarios (Registro nro. 3702)
[ vista simple ]
| 000 -CABECERA | |
|---|---|
| Longitud fija campo de control | 01397nam a2200361 c 4500 |
| 001 - NÚMERO DE CONTROL | |
| Número de control | 3702 |
| 003 - IDENTIFICADOR DE NÚMERO DE CONTROL | |
| Identificador del número de control | ES-MaCES |
| 005 - FECHA Y HORA DE LA ÚLTIMA TRANSACCIÓN | |
| Fecha y hora de la última transacción | 20150929131757.0 |
| 008 - CAMPO FIJO DE DESCRIPCIÓN FIJA--INFORMACIÓN GENERAL | |
| Códigos de información de longitud fija | 960227s1994 sp ||| | spa d |
| 035 ## - NÚMERO DE CONTROL DEL SISTEMA | |
| Número de control del sistema | CES19980037280m |
| 040 ## - FUENTE DE CATALOGACIÓN | |
| Centro catalogador de origen | ES-MaCES |
| Lengua de catalogación | spa |
| Centro transcriptor | ES-MaCES |
| 100 1# - ENCABEZAMIENTO PRINCIPAL--NOMBRE PERSONAL | |
| Nombre de persona | Puig, Toni |
| 9 (RLIN) | 21480 |
| 245 10 - MENCIÓN DE TÍTULO | |
| Título | Porque quiero mi asociación, la reinvento o donde introducir cambios organizativos para mejorar la calidad en las asociaciones de los voluntarios |
| Resto del título | : el libro rojo de las asociaciones de voluntarios |
| Mención de responsabilidad, etc. | Toni Puig |
| 260 ## - PUBLICACIÓN, DISTRIBUCIÓN, ETC (PIE DE IMPRENTA) | |
| Lugar de publicación, distribución, etc. | Barcelona |
| Nombre del editor, distribuidor, etc. | Ajuntament |
| Fecha de publicación, distribución, etc. | [1994?] |
| 300 ## - DESCRIPCIÓN FÍSICA | |
| Extensión | 51 h. |
| Dimensiones | 30 cm |
| 490 1# - MENCIÓN DE SERIE | |
| Mención de serie | Dossiers Associatius IMAE : edició especial |
| Designación de volumen o secuencia | 3 |
| 500 ## - NOTA GENERAL | |
| Nota general | Ejemplar fotocopiado |
| 500 ## - NOTA GENERAL | |
| Nota general | En la port., además: Para consejos asociativos y equipos de dirección |
| 541 ## - NOTA DE LA FUENTE INMEDIANTE DE ADQUISICIÓN | |
| Forma de adquisición | Gratuito |
| 650 #4 - ASIENTO SECUNDARIO DE MATERIA--TÉRMINO DE MATERIA | |
| Término de materia o nombre geográfico como elemento inicial | organización voluntaria |
| 9 (RLIN) | 27314 |
| 650 #4 - ASIENTO SECUNDARIO DE MATERIA--TÉRMINO DE MATERIA | |
| Término de materia o nombre geográfico como elemento inicial | organización sin fines de lucro |
| 9 (RLIN) | 27312 |
| 650 #4 - ASIENTO SECUNDARIO DE MATERIA--TÉRMINO DE MATERIA | |
| Término de materia o nombre geográfico como elemento inicial | organización no gubernamental |
| 9 (RLIN) | 26702 |
| 650 #4 - ASIENTO SECUNDARIO DE MATERIA--TÉRMINO DE MATERIA | |
| Término de materia o nombre geográfico como elemento inicial | desarrollo de la organización |
| 9 (RLIN) | 29191 |
| 650 #4 - ASIENTO SECUNDARIO DE MATERIA--TÉRMINO DE MATERIA | |
| Término de materia o nombre geográfico como elemento inicial | planificación corporativa |
| 9 (RLIN) | 30332 |
| 650 #4 - ASIENTO SECUNDARIO DE MATERIA--TÉRMINO DE MATERIA | |
| Término de materia o nombre geográfico como elemento inicial | manual |
| 9 (RLIN) | 29264 |
| 653 10 - TÉRMINO DE INDEXACIÓN--NO CONTROLADO | |
| Término no controlado | Asuntos Sociales |
| 650 #4 - ASIENTO SECUNDARIO DE MATERIA--TÉRMINO DE MATERIA | |
| 9 (RLIN) | 27308 |
| Término de materia o nombre geográfico como elemento inicial | asociación |
| 710 1# - ENCABEZAMIENTO SECUNDARIO--NOMBRE CORPORATIVO | |
| Nombre de entidad o nombre de jurisdicción como elemento inicial | Barcelona |
| Unidad subordinada | Ayuntamiento |
| Término indicativo de función | ed. |
| 9 (RLIN) | 1630 |
| 830 #0 - ENCABEZAMIENTO SECUNDARIO DE COLECCIÓN--TÍTULO UNIFORME | |
| Título uniforme | Dossiers Associatius IMAE : edició especial |
| Designación de volumen o secuencia | 3 |
| 9 (RLIN) | 32624 |
| 902 ## - CES. TIPO DE DOCUMENTO | |
| Tipodoc (006$c Sirtex) | DOC Literatura gris |
| 942 ## - ELEMENTOS KOHA | |
| Fuente de clasificaión o esquema | Clasificación propia del CES |
| Koha [por defecto] tipo de item | Monografías |
| Parte de clasificación | 3.3. |
| Número de registro | Signatura completa | Tipo de item de Koha |
|---|---|---|
| 013257 | DOC-3.3.-54 | Monografías |
